Kanárik vrchovský (Serinus pusillus)

Bibliographic Details
Main Author: Straka, Michal, 1950- (Author)
Format: Article
Language:Slovak
PhysicalDescription:Fotogr.
ISSN:1335-9932
Subjects:

MARC

LEADER 00000nab a2200000 a 4500
001 vtls000813260
003 SK-MaSNL
005 20260302150857.0
008 180205c2002 xo 0 slo
015 |a SNBRB2002/11-35744 
035 |a CLN000164915 
040 |a SNKBUCL  |b slo  |c SNKBUCL  |e AACR2 
041 0 |a slo 
044 |a xo  |c SK 
080 |a 636.68:598.826.5  |2 UDC-MRF-SK2 
100 1 |a Straka, Michal,  |d 1950-  |4 aut  |9 48834 
245 1 0 |a Kanárik vrchovský (Serinus pusillus)  |c text a foto Michal Straka 
300 |b Fotogr. 
650 0 7 |a kanárik vrchovský  |2 SNKPH  |9 841379 
650 0 7 |a chov kanárikov  |2 SNKPH  |9 179623 
655 7 |a články z novín a časopisov  |2 snkbucl  |9 267496 
773 0 |x 1335-9932  |t Magazín chovateľa  |g Roč. 1, č. 5 (2002), s. 24 
850 |a Slovenská národná knižnica v Martine 
852 |a SNK  |b KIS3GCP 
958 |a RBX 
999 |c 1358421  |d 1360351